000 00676cam a2200169 i 4500
005 20251127110837.0
008 250721s1993 ua gr 000 0 ara d
082 1 4 _a211.9
_bع ك ا
100 1 _aالطيبي، عكاشه عبد المنان
_eمعد.
245 1 0 _aحقيقة الجن في ظلال القرآن للشيخ سيد قطب /
_cأعده وخرج أحاديثه وقدم له عكاشة عبد المنان الطيبي.
264 3 1 _aالقاهره :
_bدار الفضيله للنشر و التوزيع،
_c1993.
300 _a110 صفحة.
650 1 7 _aالقرآن الكريم.
650 1 7 _aالجن.
942 _2ddc
_cBK
999 _c16291
_d16291